000 01152cab a2200349 4500
001 ABS55790
008 090401t1996 xxu||||| |||| 00| 0 eng d
035 _a(Sirsi) u18820
041 _aeng
245 _aFocus `96: Offices
260 _c1996
350 _a0
490 _aEstates Gazette
_v(9637) 14 September 1996, 97-127(16)
520 _aSurvey on offices. Covers speculative office development, planning policy and town centres, occupiers needs, office conversions. Profiles of Hermes and Grosvenor Estate.
650 _aALTERNATIVE USES
650 _aCOMMUTED CARPARKING FEES
650 _aCONVERSION
650 _aGROSVENOR ESTATE
650 _aOCCUPIERS NEEDS
650 _aOFFICE BUILDINGS
650 _aOFFICE CONVERSIONS
650 _aOFFICE DESIGN
650 _aOFFICE DEVELOPMENT
650 _aPROPERTY-COMMERCIAL PROPERTY-OFFICE PROPERTY-OFFICE PROPERTY MARKET
650 _aOFFICE PLANNING
650 _aPLANNING POLICY
650 _aSPECULATIVE DEVELOPMENT
650 _aSTUDENT ACCOMMODATION
690 _aPROPERTY-COMMERCIAL PROPERTY-COMMERCIAL PROPERTY MARKET
942 _n0
948 _c04/03/1997
999 _c12522
_d12522